Choose the Larger Number Quiz Stats

 Plays Quiz Updated Sep 16, 2018

Challenge
Share
Tweet
Embed
Score 0/28 Timer 04:00
0 Plays Today
Column A Which is larger? % Correct
3???
94%
5???
90.9%
1+4???
90.2%
11???
90%
11.5???
90%
-3???
86.8%
|3*2|???
86.2%
5/4???
84.8%
2*3/4???
78.9%
2^3???
75.3%
3*-3???
72.9%
42/6???
72%
|-3|???
70.8%
(2+3)*4???
69.4%
Column A Which is larger? % Correct
x*3 (x=4)???
68.2%
90/5???
62.2%
200/6???
59.3%
1+3/2???
57.8%
13*6???
57.6%
5*6*7???
52.8%
121*12???
51.4%
32*13???
50.4%
342+108???
50.1%
1000/40???
49.3%
XII * VIII???
49.2%
625/5???
48.4%
600/5*2???
40.5%
(12+45)(22)???
35.8%

You're not logged in!

Compare scores with friends on all Sporcle quizzes.
OR
Log In

You Might Also Like...

Show Comments

Extras

Top Quizzes Today


Score Distribution

Your Account Isn't Verified!

In order to create a playlist on Sporcle, you need to verify the email address you used during registration. Go to your Sporcle Settings to finish the process.

Report this User

Report this user for behavior that violates our Community Guidelines.

Details: